বাংলাদেশের বুদ্ধিবৃত্তি : (Record no. 80763)
[ view plain ]
| 000 -LEADER | |
|---|---|
| fixed length control field | 01046nam a2200241 a 4500 |
| 001 - CONTROL NUMBER | |
| control field | 80763 |
| 003 - CONTROL NUMBER IDENTIFIER | |
| rucl marc code | BD-RjUL |
| 005 - DATE AND TIME OF LATEST TRANSACTION | |
| control field | 20221113155416.0 |
| 008 - FIXED-LENGTH DATA ELEMENTS--GENERAL INFORMATION | |
| fixed length control field | 221113s2022 bg ||||| |||| 00| 0 eng d |
| 020 ## - INTERNATIONAL STANDARD BOOK NUMBER | |
| International Standard Book Number | 9847000004444 |
| 035 ## - SYSTEM CONTROL NUMBER | |
| System control number | (BD-RjUL)80763 |
| 040 ## - CATALOGING SOURCE | |
| Original cataloging agency | BD-RjUL |
| Language of cataloging | eng |
| Transcribing agency | BD-RjUL |
| 041 ## - LANGUAGE CODE | |
| Language code of text/sound track or separate title | ben |
| 082 ## - DEWEY DECIMAL CLASSIFICATION NUMBER | |
| Edition number | 23 |
| Classification number | 954.92 |
| Author mark and year | BAN 2022 |
| 245 ## - TITLE STATEMENT | |
| Title | বাংলাদেশের বুদ্ধিবৃত্তি : |
| Remainder of title | ধর্ম সাম্প্রদায়িকতার সংকট / |
| Statement of responsibility, etc. | কাজল বন্দ্যোপাধ্যায় (সম্পাদক) , মো. আনিসুজ্জামান (সম্পাদক) |
| 300 ## - PHYSICAL DESCRIPTION | |
| Pagination | ২২৩ পৃ.; |
| Size | ২২ সেমি. |
| 505 01 - FORMATTED CONTENTS NOTE | |
| Formatted contents note | খন্ড .২য় -- |
| 651 ## - SUBJECT ADDED ENTRY--GEOGRAPHIC NAME | |
| Geographic name | বাংলাদেশ |
| Geographic name | Bangladesh |
| 700 ## - ADDED ENTRY--PERSONAL NAME | |
| Personal name | কাজল বন্দ্যোপাধ্যায় (সম্পাদক) |
| Personal name | আনিসুজ্জামান, মো. (সম্পাদক) |
| 942 ## - ADDED ENTRY ELEMENTS (KOHA) | |
| Source of classification or shelving scheme | Dewey Decimal Classification |
| Koha item type | Books |
| Lost status | Source of classification or shelving scheme | Damaged status | Not for loan | Collection code | Permanent Location | Current Location | Shelving location | Date acquired | Source of acquisition | Cost, normal purchase price | Full call number | Date last seen | Copy number | Koha item type | Total Checkouts |
|---|---|---|---|---|---|---|---|---|---|---|---|---|---|---|---|
| Dewey Decimal Classification | Not For Loan | Non-fiction | Central Library, University of Rajshahi | Central Library, University of Rajshahi | Reading Room | 02/10/2022 | Author | 340.00 | B 954.92 BAN V-2 2022 | 13/11/2022 | C-1 | Books | |||
| Dewey Decimal Classification | Non-fiction | Central Library, University of Rajshahi | Central Library, University of Rajshahi | General Stacks | 02/10/2022 | Author | 340.00 | B 954.92 BAN V-2 2022 | 13/11/2022 | C-2 | Books | ||||
| Dewey Decimal Classification | Non-fiction | Central Library, University of Rajshahi | Central Library, University of Rajshahi | General Stacks | 02/10/2022 | Author | 340.00 | B 954.92 BAN V-2 2022 | 13/11/2022 | C-3 | Books |